header

Petunia (Record no. 261362)

MARC details
000 -LEADER
fixed length control field 00229nam a22001097a 4500
020 ## - INTERNATIONAL STANDARD BOOK NUMBER
ISBN 0440417546
100 ## - MAIN ENTRY--AUTHOR NAME
Personal name Roger Duvoisin
245 ## - TITLE STATEMENT
Title Petunia
260 ## - PUBLICATION, DISTRIBUTION, ETC. (IMPRINT)
Place of publication New York
Name of publisher Dragonfly Books
Year of publication 1950
300 ## - PHYSICAL DESCRIPTION
Number of Pages 30 pgs
942 ## - ADDED ENTRY ELEMENTS (KOHA)
Koha item type Long Loan Books
Holdings
Withdrawn status Lost status Collection code Home library Current library Shelving location Date acquired Accession Number Koha item type
    Fiction Rongo University Library Rongo University Library Children's Area 06/11/2023 CL2021969 Long Loan Books

© 2026 Rongo University
Contact us: librarian | system librarian | Rongo university